इसे छोड़कर सामग्री पर बढ़ने के लिए
Inicio
Centros participantes
Catálogo
Servicios
Contacto
लॉग इन करें
English
Deutsch
Español
Français
Italiano
日本語
Nederlands
Português
Português (Brasil)
中文(简体)
中文(繁體)
Türkçe
עברית
Gaeilge
Cymraeg
Ελληνικά
Català
Euskara
Русский
Čeština
Suomi
Svenska
polski
Dansk
slovenščina
اللغة العربية
বাংলা
Galego
Tiếng Việt
Hrvatski
हिंदी
Հայերէն
Українська
Sámegiella
भाषा
सभी फ़ील्ड्स
शीर्षक
लेखक
विषय
बोधानक
आईएसबीएन / आईएसएसएन
टैग
खोज
उन्नत
El Mercado urbano de trabajo y...
इसे उद्धृत करें
इसे ईमेल करें
प्रिंट
निर्यात रिकॉर्ड
को निर्यात RefWorks
को निर्यात EndNoteWeb
को निर्यात EndNote
सूची में सहेजें
स्थायी लिंक
पहली रेटिंग जोड़ें
El Mercado urbano de trabajo y la industria de la construción
में बचाया:
ग्रंथसूची विवरण
स्वरूप:
मूलपाठ
प्रकाशित:
Quito:
s.e.
टैग:
टैग जोड़ें
कोई टैग नहीं, इस रिकॉर्ड को टैग करने वाले पहले व्यक्ति बनें!
होल्डिंग्स
विवरण
टिप्पणियाँ
समान संसाधन
स्टाफ के लिए
MARC
LEADER
00000 a a2200000 04500
001
22526
003
040
090
|a
153400
245
|a
El Mercado urbano de trabajo y la industria de la construción
260
|a
Quito:
|b
s.e.
300
|a
13 p.
999
|c
1441
|d
1441
समान संसाधन
En torno a la crisis política centroamericana (comentario al trabajo de Edelberto Torres Rivas, del mismo título)
द्वारा: Jiménez Veiga, Danilo
Calidad de la inserción internacional de productos agropecuarios de Centroamérica
Señor Enrique Chaves de la Confederación Costarricense de Trabajadores Democráticos CCTD: entrevista
Los Actores sociales y políticos en los precesos de transformación en América Latina /
द्वारा: Mora y Araujo, Manuel
Diagnóstico y macro análisis administrativos del sector público del istmo centroamericano